| 000 | 01058nam a2200301Ia 4500 | ||
|---|---|---|---|
| 003 | OSt | ||
| 005 | 20221007120835.0 | ||
| 006 | a|||||r|||| 00| 0 | ||
| 007 | ta | ||
| 008 | 221006b |||||||| |||| 00| 0 eng d | ||
| 020 | _a0805347224 (pbk) | ||
| 024 | _a12897 | ||
| 037 |
_b188, 04/10/2004, Ashutosh Technical Books _cTextual |
||
| 040 |
_aBDL _cBDL _beng |
||
| 041 |
_2eng _aeng |
||
| 082 | _aG11331, P3 Carb | ||
| 100 |
_aCampbell A Malcolm _9463579 |
||
| 245 | 0 |
_aDiscovering genomics, proteomics, and bioinformatics _b Heyer Laurie J |
|
| 260 |
_aSan _bFrancisco Benjamin Cummings _c2003 |
||
| 300 |
_axvi, 352p Includes with CD-Rom _ccm. |
||
| 500 | _aIncludes bibliographical references; Glossary 331-340p; Index 345-352p | ||
| 650 |
_a Genometics _9710105 |
||
| 650 |
_a Proteomics _9481323 |
||
| 650 | _aBotany | ||
| 700 |
_a Heyer Laurie J _9463580 |
||
| 942 |
_hG11331, P3 Carb _cTEXL _2CC |
||
| 999 |
_c1208094 _d1208094 |
||